01004nam a2200253 a 450000100100000000500170001000800410002702000150006804000250008308200170010810000360012524500660016125000230022726000380025030000360028850000210032450000630034559000270040865000250043591000370046095201150049795201210061299900170073300004232720240520103223.0131125s2000 dr a 000 0 spa d a9993401331 aDO-SdBNPbspacBNPHU a658.8bD542m1 aDíaz Santil, Milciades96938410aMercadeo :bteoría y práctica /cMilciades Díaz Santil. aEdición especial aSanto Domingo :bCorripio,c2000. axxviii, 749 p. :bil. ;c27 cm. aIncluye índice aIncluye datos biográficos del autor en la contracubierta aInventariado, 2019/MFF 0aMercadotecnia 96644 aValidado. Control de calidad MFF 0010718PDaPDbPDcHDd2013-11-25iLF1l0o658.8 D542mp42327-10r2020-06-25w2020-06-25yLFPDZNo se presta 0010718PDaPDbPDcHDd2015-04-17iLF1l0o658.8 D542mp42327-20r2020-06-25te. 2w2020-06-25yLFPDZNo se presta c41816d41816